[Event "HUN-chT U18"]
[Site "Miskolc"]
[Date "2011.11.04"]
[Round "5.6"]
[White "Mikulas, Viktoria"]
[Black "Kekk, Laura"]
[Result "1-0"]
[WhiteElo "1355"]
[BlackElo "1446"]
[PlyCount "59"]
[EventDate "2011.11.02"]
[EventType "team-swiss"]
[EventRounds "8"]
[EventCountry "HUN"]
[SourceTitle "EXT 2012"]
[Source "ChessBase"]
[SourceDate "2011.11.24"]
[SourceVersion "1"]
[SourceVersionDate "2011.11.24"]
[SourceQuality "1"]
[WhiteTeam "Sarkany"]
[BlackTeam "Vasas"]
[WhiteTeamCountry "HUN"]
[BlackTeamCountry "HUN"]

1. e4 g6 2. d4 Bg7 3. Nc3 d6 4. g3 c6 5. a4 Nf6 6. Bg2 0-0 7. Nge2 Nbd7 8. 0-0 e5 9. h3 Qc7 10. Be3 b6 11. Qd2 Bh8 12. Rad1 Bb7 13. f4 Rfe8 14. fxe5 dxe5 15. Bg5 exd4 16. Qxd4 Re6 17. Nf4 Re5 18. Bh6 c5 19. Qd3 Rae8 20. Ncd5 Nxd5 21. Nxd5 Bxd5 22. exd5 c4 23. Qf3 Rf5 24. Qg4 Nf6 25. Qh4 Rh5 26. Qf4 Qxf4 27. Bxf4 Rd8 28. g4 Nxd5 29. gxh5 Nxf4 30. Rxd8+ 1-0

[Event "HUN-chT U18"]
[Site "Miskolc"]
[Date "2011.11.03"]
[Round "2.6"]
[White "Egyed, Judit"]
[Black "Kekk, Laura"]
[Result "1-0"]
[WhiteElo "1655"]
[BlackElo "1446"]
[PlyCount "47"]
[EventDate "2011.11.02"]
[EventType "team-swiss"]
[EventRounds "8"]
[EventCountry "HUN"]
[SourceTitle "EXT 2012"]
[Source "ChessBase"]
[SourceDate "2011.11.24"]
[SourceVersion "1"]
[SourceVersionDate "2011.11.24"]
[SourceQuality "1"]
[WhiteTeam "Barcza"]
[BlackTeam "Vasas"]
[WhiteTeamCountry "HUN"]
[BlackTeamCountry "HUN"]

1. e4 g6 2. d4 Bg7 3. Nc3 d6 4. Nf3 a6 5. Be3 b5 6. Qd2 Nf6 7. Bd3 0-0 8. Bh6 Bb7 9. Bxg7 Kxg7 10. Qf4 e6 11. 0-0-0 Nbd7 12. g4 Qe7 13. h4 e5 14. dxe5 dxe5 15. Qg3 Nc5 16. Nxe5 b4 17. Nd5 Nxd3+ 18. Rxd3 Nxe4 19. Qf4 Bxd5 20. Rxd5 c6 21. Rd7 Ng3 22. fxg3 Qe6 23. h5 Qxa2 24. h6+ 1-0

[Event "HUN-chT U18"]
[Site "Miskolc"]
[Date "2010.11.05"]
[Round "7.14"]
[White "Kekk, Laura"]
[Black "Palla, Akos Botond"]
[Result "0-1"]
[WhiteElo "1469"]
[BlackElo "1726"]
[PlyCount "98"]
[EventDate "2010.11.02"]
[EventType "team-swiss"]
[EventRounds "8"]
[EventCountry "HUN"]
[SourceTitle "EXT 2016"]
[Source "ChessBase"]
[SourceDate "2015.10.08"]
[SourceVersion "1"]
[SourceVersionDate "2015.10.08"]
[SourceQuality "1"]

1. e4 c5 2. Nc3 Nc6 3. g3 g6 4. Bg2 Bg7 5. d3 e6 6. Be3 d6 7. Qd2 Nge7 8. Nge2 0-0 9. 0-0 Nd4 10. Nd1 Nec6 11. c3 Nxe2+ 12. Qxe2 b6 13. f4 Bb7 14. Qd2 Rb8 15. Nf2 Na5 16. Rac1 d5 17. b4 cxb4 18. cxb4 Nc6 19. exd5 exd5 20. d4 Re8 21. Ng4 Ne7 22. Ne5 Nf5 23. Bf2 Nd6 24. Nf3 Ne4 25. Qd3 Qd6 26. a3 Rbc8 27. Rce1 Rc3 28. Qd1 Rec8 29. Qa4 a5 30. Bh3 Rxf3 31. Bxc8 Bxc8 32. Re3 Bd7 33. b5 Rxe3 34. Bxe3 Nc3 35. Qc2 Nxb5 36. a4 Nxd4 37. Qd3 Nf5 38. Bf2 Bxa4 39. Rb1 d4 40. Qc4 Bd7 41. Rd1 b5 42. Qa2 a4 43. Qd2 h5 44. h3 b4 45. g4 hxg4 46. hxg4 Ne7 47. Bxd4 Qxd4+ 48. Qxd4 Bxd4+ 49. Rxd4 b3 0-1

[Event "HUN-chT U18"]
[Site "Miskolc"]
[Date "2010.11.04"]
[Round "5.16"]
[White "Kekk, Laura"]
[Black "Lajtos, Levente"]
[Result "1/2-1/2"]
[WhiteElo "1469"]
[BlackElo "1662"]
[PlyCount "47"]
[EventDate "2010.11.02"]
[EventType "team-swiss"]
[EventRounds "8"]
[EventCountry "HUN"]
[SourceTitle "EXT 2016"]
[Source "ChessBase"]
[SourceDate "2015.10.08"]
[SourceVersion "1"]
[SourceVersionDate "2015.10.08"]
[SourceQuality "1"]

1. e4 c5 2. Nc3 Nc6 3. g3 Nf6 4. Bg2 e6 5. d3 Be7 6. Nge2 0-0 7. 0-0 d5 8. Bd2 b6 9. a3 Bb7 10. Na2 a5 11. c3 a4 12. exd5 exd5 13. d4 Qd7 14. Be3 Na5 15. Nac1 Nc4 16. Nd3 Ng4 17. Bf4 Qf5 18. h3 Nf6 19. g4 Qc8 20. Ng3 Bd6 21. Nf5 Qc7 22. Nxd6 Nxd6 23. g5 Nfe8 24. h4 1/2-1/2

[Event "HUN-chT U18"]
[Site "Miskolc"]
[Date "2010.11.02"]
[Round "1.2"]
[White "Kekk, Laura"]
[Black "Kantor, Gergely"]
[Result "0-1"]
[WhiteElo "1469"]
[BlackElo "2112"]
[PlyCount "76"]
[EventDate "2010.11.02"]
[EventType "team-swiss"]
[EventRounds "8"]
[EventCountry "HUN"]
[SourceTitle "EXT 2016"]
[Source "ChessBase"]
[SourceDate "2015.10.08"]
[SourceVersion "1"]
[SourceVersionDate "2015.10.08"]
[SourceQuality "1"]

1. e4 e6 2. Qe2 Nf6 3. d3 d5 4. e5 Nfd7 5. Nf3 Be7 6. g3 c5 7. c3 Nc6 8. Bg2 0-0 9. 0-0 b6 10. Re1 Ba6 11. a3 Qc7 12. Bf4 Bb7 13. b4 h6 14. d4 Rfc8 15. Nbd2 Nf8 16. h4 Ng6 17. Qe3 Nxf4 18. Qxf4 Ba6 19. Re3 Nb8 20. Nh2 Nd7 21. c4 cxd4 22. Qxd4 Bxc4 23. Rc1 b5 24. a4 Qb6 25. Qxb6 axb6 26. Nxc4 bxc4 27. Ra1 Bxb4 28. Bf3 Bc5 29. Re2 Bd4 30. Raa2 Bxe5 31. Ng4 Bd6 32. Ne3 Ra5 33. Nd1 d4 34. Nb2 b5 35. Be4 b4 36. Rc2 b3 37. Rxc4 Rxc4 38. Nxc4 bxa2 0-1